| 000 | 00696nam a22001337a 4500 | ||
|---|---|---|---|
| 040 | _cRUA | ||
| 082 | _aATM.s KHO 2004 B203 Or.1 | ||
| 100 | _aKHOM, SOKHA. | ||
| 245 | _aGender situation in pesticide use on vegetable production in saang district kandal province, ស្ថានភាពយេនឌ័រក្នុងការប្រើប្រាស់ថ្នាំកសិកម្មលើផលិតកម្មបន្លែនៅស្រុកស្អាង ខេត្តកណ្ដាល | ||
| 260 |
_aPhnom Penh _bRUA _c2004 |
||
| 300 |
_ax; 50p. _bill. _c29cm. |
||
| 856 | _uhttps://drive.google.com/file/d/1kJdXXaqITCb1Snp830vAquxNlNv6ZwtP/view?usp=sharing | ||
| 942 | _cATMSP | ||
| 999 |
_c4420 _d4420 |
||